Lyrics raten #6 - Statistiken

Allgemein
  • Dieses Quiz wurde 369 mal gespielt
  • Das Durchschnittsergebnis liegt bei 222 aus 500
Antwortstatistiken
Antwort % Korrekt
ich
98%
Ich
98%
du
94%
Du
94%
sie
87%
Sie
87%
es
85%
Es
85%
wir
84%
Da
83%
er
83%
das
74%
der
71%
(der
71%
die
71%
Ihr
70%
und
64%
Und
64%
Den
63%
den
63%
ist
63%
bin
60%
ein
57%
Ein
57%
so
56%
sei
55%
nicht
54%
wie
54%
dich
52%
bis
51%
für
51%
ne
51%
in
50%
kann
49%
dass
48%
war
47%
an
46%
mich
46%
mir
45%
hab
42%
man
42%
auf
41%
dir
41%
sein
40%
mit
35%
wenn
34%
Dann
33%
dann
33%
Aber
32%
als
32%
nie
31%
oder
31%
nur
30%
hat
28%
Arsch
26%
immer
26%
ob
26%
auch
24%
Doch
24%
doch
24%
mach
24%
nach
24%
von
24%
Tag
23%
vor
23%
Frau
22%
geht
22%
mal
22%
kannst
21%
komm
21%
über
21%
hast
20%
muss
20%
nichts
20%
Seit
20%
ohne
19%
sing
19%
viel
19%
(ah
18%
Arschfick
18%
ihn
18%
schön
18%
ihm
17%
wieder
17%
Zeit
17%
deinen
15%
erst
15%
Erst
15%
(yeah)
15%
yeah)
15%
Arschficksong
14%
Arschficksong)
14%
rein
14%
schon
14%
ficken
13%
Egal
12%
egal
12%
erste
11%
ganz
11%
komme
11%
musst
11%
reden
11%
tut
11%
war’s
11%
fragen
10%
scheiss
10%
singen
10%
kam
9%
konnte
9%
leid
9%
sagst
9%
beim
8%
diesem
8%
Schwanz
8%
uh
8%
Uh
8%
anders
7%
Arschfickmann
7%
fest
7%
fing
7%
ging
7%
halt
7%
Hand
7%
jeder
7%
Leuten
7%
nehm
7%
Scheisse
7%
wollte
7%
anal
6%
besser
6%
bleiben
6%
braune
6%
fällt
6%
flüssig
6%
gleich
6%
Jeden
6%
lange
6%
musste
6%
raus
6%
ständig
6%
steck
6%
weisse
6%
bisschen
5%
blasen
5%
blau
5%
dachte
5%
dreizehn
5%
gesagt
5%
ner
5%
Rapper
5%
Schmerz
5%
verstehen
5%
alleine
4%
Analsex
4%
brauchst
4%
braucht
4%
bring
4%
cool
4%
dabei
4%
geblutet
4%
gefallen
4%
gelernt
4%
geschrien
4%
geweint
4%
gewusst
4%
Gleitcreme
4%
Loch
4%
reinschieben
4%
Rosette
4%
sogar
4%
sondern
4%
Aua
3%
aua
3%
ballen
3%
Finger
3%
gekommen
3%
hat’s
3%
Kerl
3%
lag
3%
Negerdildo
3%
reiten
3%
schockiert
3%
schreien
3%
Tube
3%
vibriert
3%
Arschfickmann-Profi-Therapie
2%
experimentiert
2%
fand
2%
Höhepunkt
2%
Kathrin
2%
Kondition
2%
kotzen
2%
kriegst
2%
langsam
2%
leiden
2%
locker
2%
lockern
2%
nem
2%
Sekte
2%
Spielzeug
2%
stecken
2%
steckte
2%
Sucht
2%
voller
2%
argh
1%
Bedürfniss
1%
Blamage
1%
Ekstase
1%
fit
1%
hauptsache
1%
irgendwie
1%
möglich
1%
reiben
1%
reingesteckt
1%
restlichen
1%
Rosettenfetischist
1%
Scheissebrocken
1%
schonen
1%
solange
1%
wahrscheinlich
1%
wer's
1%
Wucht
1%
Keine übereinstimmenden Quizze gefunden
Verteilung der Resultate
Anzahl Personen mit jedem Resultat
Perzentil nach korrekt beantworteten Fragen
Ihre Resultats-Entwicklung
Sie haben dieses Quiz noch nicht gespielt